Monológy z hviezdnych hĺbok

Podrobná bibliografia
Hlavný autor: Pridala, Michal, 1916-1993 (Autor)
Médium: Kniha
Jazyk:slovenčina
Fyzický popis:141, [3] s. 8°
Vydavateľské údaje: Bratislava Smena 1971
Predmet:

MARC

LEADER 00000nam a2200000 a 4500
001 vtls008324303
003 SK-MaSNL
005 20260301123052.0
008 180814s1971 xo slo
015 |a SNBA1971/08-02008 
020 |q (viaz.) 
035 |a SK01SNK19710016520 
035 |a SKM000018983 
040 |a SNK  |b slo  |c SNK  |e AACR2 
041 1 |a slo 
044 |a xo 
080 |a 885.4-3  |2 1981 
100 1 |a Pridala, Michal,  |d 1916-1993  |4 aut  |9 115214 
245 1 0 |a Monológy z hviezdnych hĺbok  |c Michal Pridala 
260 |a Bratislava  |b Smena  |c 1971  |e Bratislava  |f Svornosť 
300 |a 141, [3] s.  |c 8° 
366 |e 110 výtl. 
650 0 7 |a letci  |2 SNKPH  |9 30031 
655 7 |a slovenské prózy  |2 SNKPH  |9 70229 
852 |a Slovenská národná knižnica 
954 |a beletria pôvodná (slovenská)  |2 lita 
958 |a OND 
958 |a TL 
958 |a RK 
958 |a LX 
999 |c 734992  |d 736922 
952 |a SNK  |b SNK  |y PREZ  |7 0  |p 17A0939104  |o snkSC 27818  |0 0  |1 0  |4 0  |d 2012-09-10  |l 0  |r 2025-09-11 00:00:00  |w 2026-02-23 
952 |t P60, <04>, [BOOK], {604}  |a SNK  |b SNK  |y VYP  |7 0  |p 17A0265338  |o snkSC 27818 D1  |0 0  |1 0  |4 0  |d 2001-01-18  |l 0  |r 2005-01-02 00:00:00  |w 2026-02-23